| 000 | 00449nam a2200181Ia 4500 | ||
|---|---|---|---|
| 003 | GCL | ||
| 008 | 140319s9999 xx 000 0 eng d | ||
| 040 |
_aGCL / _cGCL |
||
| 082 | 0 | 4 |
_aCH _b597 _bN S |
| 100 | 1 | _aNAYER, JUDY | |
| 245 | 1 | 0 |
_aSEA CREATURES AT YOUR FINGERTIPS / _cNAYER, JUDY |
| 260 |
_a[S.N] : _bMC CLANAHAN BOOK COMPANY ، _c1992 |
||
| 650 | 0 | 4 | _aSCIENCE |
| 650 | 0 | 4 | _aFISH |
| 650 | 0 | 4 | _aDOLPHINS |
| 650 | 0 | 4 | _aSEA |
| 942 |
_2ddc _cBK |
||
| 999 |
_c14754 _d14754 |
||